000 01002nam a2200301Ia 4500
003 OSt
005 20221007123929.0
006 a|||||r|||| 00| 0
007 ta
008 221006b |||||||| |||| 00| 0 eng d
020 _a0486443078 (pbk)
024 _a82221
037 _b1057, 26/09/2008, Educational Book Agency (India)
_cReference Collections
040 _aCDL
_cCDL
_beng
041 _2eng
_aeng
082 _aE:219g, P5 Carc
100 _aCook David B
_9718152
245 0 _aHandbook of computational quantum chemistry
260 _aMineola,
_bNew York Dover Publications
_c2005
300 _axxiv, 805p.
_ccm.
500 _aReferences 791-795p.; ''Index 797-805p''.
650 _a Atomic units
_9718153
650 _a Matrix methods
_9716489
650 _a Quantum chemistry
650 _aChemistry
942 _hE:219g, P5 Carc
_cREF
_2CC
999 _c1212675
_d1212675